000 00720nam a2200241Ia 4500
003 OSt
005 20220926000558.0
006 a|||||r|||| 00| 0
007 ta
008 220923b |||||||| |||| 00| 0 eng d
037 _cGeneral Book
040 _aRTL
_cRTL
_beng
041 _2eng
_aeng
082 _aX722.2.N7, L7
110 _aIndian Institute of Public Administration
245 0 _aAssessment code for valuation of properties in the
260 _a New Delhi
_bIndian Institute of Public Admibistration India
_c1977
300 _a71p.
_ccm.
650 _aTax
700 _aIndian Institute of Public Administration
942 _hX722.2.N7, L7
_cGB
_2CC
999 _c599327
_d599327